000 01622cam a22004574i 4500
003 PE-LiUPU
005 20250731173303.0
008 150625s r 000 0 d
020 _a8476453752
035 _a(Sirsi) i9788476453759
040 _aPE-LiUPU
_bspa
_cPE-LiUPU
_erda
049 _aPRUA
082 0 4 _a254
_bG96
_221
100 1 _aArturo Gutiérrez Martín,
_eautor.
245 1 0 _aCómo organizar una iglesia :
_bteología de la administración /
_cArturo Gutiérrez Martín.
264 1 _aBarcelona :
_bClie,
_c1989.
300 _a200 páginas :
_bilustraciones, cuadros ;
_c20 centímetros
336 _atext
_2rdacontent
337 _aunmediated
_2rdamedia
338 _avolume
_2rdacarrier
504 _aIncluye bibliografía.
505 0 _aAspecto bíblico-histórico. -Aspecto organizativo y económico de la iglesia. -Aspecto organizativo-práctico.
526 _aSEG42
526 _aSEG41
526 _aSEG40
526 _aSEG39
526 _aP94
526 _aP87
526 _aP86
526 _aP85
526 _aP77
526 _aP76
526 _aP35
541 _g001-0014464;
650 0 4 _aIglesia
_xOrganización y administración.
942 _2ddc
_cBOOK
949 _a254 G96
_wDEWEY
_c1
_i55558
_lCCODEBUL1
_mBUL
_p4.00
_r0
_sY
_tBOOK
_u2015-6-25
_xTEOLOGIA
_zUNKNOWN
_0COMPRA
_o.STAFF. Colección General
994 _aC0
_bPEPRU
596 _a1
999 _a254 G96
_wDEWEY
_c44431
_i55558
_f2021-11-10
_g5
_lCCODEBUL1
_mBUL
_p4.00
_r0
_sY
_tBOOK
_u2015-6-25
_xTEOLOGIA
_zUNKNOWN
_0COMPRA
_o.STAFF. Colección General
_d44431
980 _81
_gALBERTO SANCHEZ Responsable de Automatización